Shop vacancy rate slows but shows no sign of stopping (Record no. 83102)
[ view plain ]
| 000 -LEADER | |
|---|---|
| fixed length control field | 00919cab a22001935a 4500 |
| 001 - CONTROL NUMBER | |
| control field | L152805 |
| 008 - FIXED-LENGTH DATA ELEMENTS--GENERAL INFORMATION | |
| fixed length control field | 110504e20110415xxk 000 0 eng d |
| 035 ## - SYSTEM CONTROL NUMBER | |
| System control number | (Sirsi) u152805 |
| 041 0# - LANGUAGE CODE | |
| Language code of text/sound track or separate title | eng |
| 100 1# - MAIN ENTRY--PERSONAL NAME | |
| Personal name | Hopkinson, Matthew |
| 245 00 - TITLE STATEMENT | |
| Title | Shop vacancy rate slows but shows no sign of stopping |
| 260 ## - PUBLICATION, DISTRIBUTION, ETC. | |
| Date of publication, distribution, etc. | 2011 |
| 490 #0 - SERIES STATEMENT | |
| Series statement | Property Week |
| Volume/sequential designation | 77(15), 15 April 2011, 42-43(2) |
| 520 ## - SUMMARY, ETC. | |
| Summary, etc. | The latest analysis of retail vacancy rates from the Local Data Company covering 500 centres and 60 000 shops over the last three months shows shops continuing to be vacated albeit at a slower rate than two years ago. Localism is key as performance differs widely across centres, counties and regions. Consumer spending is on hold and retail is facing its most challenging year since 2007. |
| 590 ## - LOCAL NOTE (RLIN) | |
| Local note | KA |
| 651 #4 - SUBJECT ADDED ENTRY--GEOGRAPHIC NAME | |
| Geographic name | United Kingdom |
| Chronological subdivision | |
| 690 ## - LOCAL SUBJECT ADDED ENTRY--TOPICAL TERM (OCLC, RLIN) | |
| Topical term or geographic name as entry element | PROPERTY-COMMERCIAL PROPERTY-COMMERCIAL PROPERTY MARKET |
| 942 ## - ADDED ENTRY ELEMENTS (KOHA) | |
| Suppress in OPAC | 0 |
| Withdrawn status | Lost status | Source of classification or shelving scheme | Damaged status | Not for loan | Home library | Current library | Shelving location | Date acquired | Total Checkouts | Full call number | Barcode | Date last seen | Copy number | Price effective from | Koha item type |
|---|---|---|---|---|---|---|---|---|---|---|---|---|---|---|---|
| Dewey Decimal Classification | London | London | Journal article | 04/05/2011 | L152805 | 152805-1001 | 06/08/2019 | 1 | 06/08/2019 | Journal article |